000 00377nam a2200133Ia 4500
005 20260225135612.0
008 260225s9999 xx 000 0 und d
020 _a9788131717226
082 _a338.74
_bBOU
245 0 _aSoul Of The Corporation: How To Manage The Identity Of Your Company
260 _bPearson Education India,
_c2007
300 _a260 pages
942 _cENGLISH
999 _c615587
_d615587